000 01098nam a22003617a 4500
001 BR2015003813
003 BR-BrBNA
005 20230928104656.0
007 ta
008 230509b bl.||||| |||| 00| 0 por d
040 _aBR-BrBNA
_bpor
_cBiblioteca Nacional de Agricultura
041 _a(Por)
072 _aL70
_b8830
090 _ 8830 BR2015003813
100 1 _aJúlio, L.R.C.
110 1 _aUniversidade Federal de Lavras, MG (Brasil)
_0Tese (Doutorado)
245 1 _aTratamento, caracterização química e estudo in vivo do bagaço de azeitona resultante da extração do azeite de oliva
260 3 _aLavras, MG (Brasil):
_c2014.
300 _a146 p.
500 _aSummaries (Eng, Por); 8 illus.; Several bibliography; 10 tables
650 _aRATO
650 _aANIMAL DE LABORATÓRIO
650 _aBAGAÇO
650 _aAZEITONA
650 _aAZEITE DE OLIVA
650 _aEXTRAÇÃO
650 _aTRATAMENTO
650 _aANÁLISE QUÍMICA
650 _aCULTURA IN VITRO
650 _aNUTRIÇÃO HUMANA
909 _a202309
_bLucia
_c55
_dLucia Elande
942 _cBK
999 _c81160
_d81160